000 01516cam a2200157 4500500
005 20251214023434.0
041 _afre
042 _adc
100 1 0 _aTochon-Danguy, Baptiste
_eauthor
245 0 0 _aTommaso GHEZZANI, Il Platonico innamorato. Poesia, Amore, Magia in Francesco Patrizi da Cherso, Florencia, Leo S. Olschki Editore, 2023, 260 p.
260 _c2025.
500 _a59
520 _aFakhr al-Dīn al-Rāzī (fallecido en 1210 d. C.) es uno de los grandes teólogos de la escuela asharí, pero también estuvo influido por la tradición filosófica árabe (falsafa) y, más concretamente, por el avicenismo. A pesar del gran interés que suscita su obra en la actualidad, no se ha realizado ningún estudio exhaustivo sobre el concepto de unidad en el pensamiento de Rāzī. El objetivo de este artículo es analizar algunos aspectos de la unidad en su teología y definir esta noción en el contexto de su teoría de los atributos: ¿Se describe la unidad como uno de los atributos divinos? Y, de ser así, ¿es un atributo positivo o negativo? ¿Qué textos consultó Rāzī para desarrollar su teoría de la unidad? Este estudio introduce algunas cuestiones fundamentales de Rāzī examinando tanto sus obras de filosofía (ḥikma) como sus obras de teología (kalām).
786 0 _nRevue de métaphysique et de morale | 125 | 3 | 2025-09-25 | p. 447-450 | 0035-1571
856 4 1 _uhttps://shs.cairn.info/revue-revue-de-metaphysique-et-de-morale-2025-3-page-447?lang=es&redirect-ssocas=7080
999 _c1572679
_d1572679